[Event "Mechanics' SummerTNM; 30/90, SD/30"]
[Site "San Francisco"]
[Date "2014.07.15"]
[Round "8.11"]
[White "Gerwin, Gene"]
[Black "Hakobyan, Sos"]
[Result "0-1"]
[WhiteElo "1910"]
[BlackElo "1788"]
[Annotator "Donaldson"]
[PlyCount "82"]
[EventDate "2014.??.??"]

1. d4 Nf6 2. Nf3 c5 3. Bg5 d5 4. e3 cxd4 5. exd4 Nc6 6. h3 Qb6 7. b3 Bf5 8. c4
Nb4 9. Na3 Ne4 10. Nh4 Nxg5 11. Nxf5 e6 12. cxd5 exf5 13. Bb5+ Nc6 14. Qe2+ (
14. dxc6 Bb4+ 15. Kf1 O-O) 14... Kd8 15. dxc6 Bb4+ 16. Kf1 Bxa3 17. cxb7 Qxb7
18. d5 Qe7 19. Qd3 Ne4 20. Bc6 Rc8 21. Re1 Qc5 22. Qe3 Qxe3 23. Rxe3 Bc5 24.
Re2 Kc7 25. h4 Rhd8 26. Rh3 h5 27. Rd3 Kb6 28. Rf3 g6 29. Rc2 a5 30. Ke2 Rc7
31. Ke1 Bb4+ 32. Kd1 Re7 33. Kc1 Ba3+ 34. Kd1 Nc5 35. Re2 Rxe2 36. Kxe2 Ne4 37.
Rd3 Bb4 38. f3 Nc3+ 39. Ke3 Nxa2 40. Kf4 f6 41. Kg3 Bd6+ 0-1

[Event "Mechanics' Whitehead TNM; 30/90, SD/30"]
[Site "San Francisco"]
[Date "2014.08.19"]
[Round "3.21"]
[White "Gerwin, Gene"]
[Black "James, Charles"]
[Result "1-0"]
[WhiteElo "1906"]
[BlackElo "1497"]
[PlyCount "49"]
[EventDate "2014.??.??"]

1. e4 e6 2. d3 d5 3. Be2 c5 4. f4 Nf6 5. e5 Nfd7 6. Nf3 Nc6 7. c4 Be7 8. Nc3 f5
9. cxd5 exd5 10. Nxd5 Ndxe5 11. Nxe5 Nxe5 12. Nxe7 Nxd3+ 13. Qxd3 Qxe7 14. Qe3
Be6 15. Bb5+ Kf7 16. O-O a6 17. Be2 Rhe8 18. Bf3 Rad8 19. b3 Qf6 20. Qe5 Qe7
21. Bh5+ g6 22. Bb2 Rg8 23. Bf3 Rd7 24. Rfe1 b6 25. Rad1 1-0

[Event "Mechanics' Fall TNM; 30/90, SD/30"]
[Site "San Francisco"]
[Date "2014.12.16"]
[Round "8.10"]
[White "Gerwin, Gene"]
[Black "Krasnov, Steven"]
[Result "0-1"]
[WhiteElo "1906"]
[BlackElo "2002"]
[Annotator "Donaldson"]
[PlyCount "109"]
[EventDate "2014.??.??"]

1. e4 c6 2. d4 d5 3. exd5 cxd5 4. c4 Nf6 5. Nc3 e6 6. Nf3 Nc6 7. Bg5 Be7 8. a3
a6 9. Bd3 h6 10. Be3 dxc4 11. Bxc4 b5 12. Ba2 O-O 13. O-O Qc7 14. Rc1 Rd8 15.
Qe2 Bb7 16. Rfd1 Qb8 17. d5 exd5 18. Bb6 Re8 19. Nxd5 Nxd5 20. Bxd5 Bg5 21. Be3
Bxe3 22. fxe3 Na5 23. Ba2 Re7 24. Nd4 Qe5 25. Qd2 Qxe3+ 26. Qxe3 Rxe3 27. Rc7
Rd8 28. Rxf7 Bd5 29. Bxd5 Rxd5 30. Rff1 Nc4 31. Nc2 Rxd1 32. Rxd1 Re2 33. Rc1
Nxb2 34. Nb4 a5 35. Nc6 Nc4 36. a4 Ne3 37. axb5 Rxg2+ 38. Kh1 Rb2 39. Nxa5 Rxb5
40. Nc6 Rb2 41. Ne5 g5 42. h3 Kg7 43. Rc6 Nf5 44. Rg6+ Kh7 45. Rf6 Ng3+ 46. Kg1
Re2 47. Ng4 h5 48. Nf2 h4 49. Kg2 Ne4 50. Rf3 Kg6 51. Kg1 Re1+ 52. Kg2 Re2 53.
Kg1 Rxf2 54. Rxf2 Nxf2 55. Kxf2 {Both scoresheets end here and are in
agreement Black won. Was it on time or did White have a hallucination? The
final position is a drawn king and pawn ending.} 0-1

[Event "Mechanics' SummerTNM; 30/90, SD/30"]
[Site "San Francisco"]
[Date "2014.07.08"]
[Round "7.16"]
[White "Gerwin, Gene"]
[Black "Ross, David"]
[Result "1-0"]
[WhiteElo "1910"]
[BlackElo "1348"]
[Annotator "Donaldson"]
[PlyCount "47"]
[EventDate "2014.??.??"]

1. d4 Nf6 2. Bg5 c5 3. e3 Nc6 4. c3 b6 5. f4 Bb7 6. Nd2 d5 7. Ngf3 e6 8. Bd3
Be7 9. O-O O-O 10. Ne5 Nxe5 11. fxe5 Ne4 12. Bxe7 Qxe7 13. Bxe4 dxe4 14. Qg4
cxd4 15. exd4 Rac8 16. Nxe4 Kh8 17. Rae1 Bxe4 18. Qxe4 Rc4 19. Re3 b5 20. Rh3
h6 {Diagram #} 21. Rf6 $1 Rg8 (21... Kg8 22. Qf4 (22. Qg4 Kh7 23. Qg5)) 22. Qf4
Qf8 23. Rfxh6+ gxh6 24. Rxh6+ 1-0

[Event "Mechanics' Whitehead TNM; 30/90, SD/30"]
[Site "San Francisco"]
[Date "2014.09.16"]
[Round "7.8"]
[White "Gerwin, Gene"]
[Black "Steger, Alex"]
[Result "0-1"]
[WhiteElo "1906"]
[BlackElo "2029"]
[Annotator "Donaldson"]
[PlyCount "54"]
[EventDate "2014.??.??"]

1. e4 e5 2. Nf3 Nc6 3. c3 Nge7 4. Be2 d5 5. d3 g6 6. O-O Bg7 7. Qc2 O-O 8. b4
a6 9. Bb2 h6 10. Nbd2 Be6 11. a3 Qd7 12. Rfe1 Rad8 13. Bf1 Rfe8 14. Rad1 Qd6
15. exd5 Nxd5 $2 (15... Bxd5) 16. Nc4 Qf8 17. Ncxe5 Nxe5 18. Nxe5 $16 Bf5 19.
Nf3 (19. c4) 19... Nf4 20. Rxe8 Qxe8 21. Ne1 $2 (21. Bc1 $16) 21... Qc6 22. Bc1
Qd6 23. Qd2 (23. Bxf4 Qxf4 24. Qb3 $16) 23... Nd5 24. d4 Nf6 25. f3 (25. Nd3
$16) 25... Nd5 {Diagram #} 26. Nd3 $4 (26. c4 $16) 26... Nxc3 27. Re1 Qxd4+ 0-1

[Event "Mechanics' Fall TNM; 30/90, SD/30"]
[Site "San Francisco"]
[Date "2014.10.28"]
[Round "2.8"]
[White "Gerwin, Gene"]
[Black "Tsodikova, Natalya"]
[Result "0-1"]
[WhiteElo "1906"]
[BlackElo "2162"]
[PlyCount "86"]
[EventDate "2014.??.??"]

1. e4 c5 2. Na3 d6 3. Nf3 Nc6 4. Bb5 Bd7 5. c3 a6 6. Ba4 Nf6 7. d3 e6 8. O-O
Be7 9. Bc2 O-O 10. Nc4 b5 11. Ne3 Qc7 12. a3 d5 13. exd5 exd5 14. d4 c4 15. Nf5
Bxf5 16. Bxf5 a5 17. Bg5 Ne4 18. Bxe7 Nxe7 19. Bxe4 dxe4 20. Ng5 Qf4 21. Qh5 h6
22. Nh3 Qf5 23. Qxf5 Nxf5 24. Rfe1 Rfe8 25. Nf4 Rad8 26. Re2 Nd6 27. g4 g6 28.
h4 Kg7 29. g5 Rh8 30. f3 hxg5 31. hxg5 exf3 32. Re5 Rh4 33. Nd5 Ne4 34. Rf1
Rdh8 35. Rxe4 Rxe4 36. Nf6 Re2 37. Rxf3 Rxb2 38. Re3 b4 39. cxb4 axb4 40. axb4
Ra8 41. Kf1 c3 42. Ne8+ Kf8 43. Nc7 c2 0-1

[Event "Mechanics' Fall TNM; 30/90, SD/30"]
[Site "San Francisco"]
[Date "2014.10.28"]
[Round "2.9"]
[White "Goins, Demetrius"]
[Black "Bayaraa, Chinguun"]
[Result "1-0"]
[WhiteElo "2159"]
[BlackElo "1868"]
[PlyCount "71"]
[EventDate "2014.??.??"]

1. d4 d5 2. c4 e6 3. Nc3 Be7 4. Nf3 Nf6 5. Bg5 h6 6. Bh4 O-O 7. e3 Ne4 8. Bxe7
Qxe7 9. cxd5 Nxc3 10. bxc3 exd5 11. Qc2 Nd7 12. Bd3 Nf6 13. O-O c6 14. Rae1 Be6
15. Nd2 Rae8 16. f3 Qc7 17. e4 dxe4 18. fxe4 b5 19. e5 Nd5 20. Ne4 Kh8 21. Qd2
Qe7 22. Nf6 Rd8 23. Re4 Rfe8 24. Rh4 Qf8 25. Bb1 Ne7 26. Nxe8 Rxe8 27. Qc2 Ng6
28. Rhf4 Qe7 29. R4f2 c5 30. Qd2 Bc4 31. Bd3 Bd5 32. Bxb5 Rb8 33. Bd3 Nf8 34.
c4 Bc6 35. Rxf7 Qh4 36. Rxf8+ 1-0

[Event "Mechanics' Whitehead TNM; 30/90, SD/30"]
[Site "San Francisco"]
[Date "2014.09.09"]
[Round "6.11"]
[White "Goins, Demetrius"]
[Black "Chen, Mingson"]
[Result "1-0"]
[WhiteElo "2159"]
[BlackElo "1900"]
[Annotator "Donaldson"]
[PlyCount "63"]
[EventDate "2014.??.??"]

1. d4 Nf6 2. Nf3 c5 3. e3 e6 4. c4 d5 5. Nc3 a6 6. a3 dxc4 7. Bxc4 b5 8. Bd3
Bb7 9. O-O Nbd7 10. Qe2 Qb8 11. Rd1 cxd4 12. exd4 Be7 13. Ne5 O-O 14. Bf4 Qd8
15. Rac1 g6 16. Bb1 Nb6 17. Ba2 Bd5 18. Nxd5 Nbxd5 19. Bg5 Re8 20. Nc6 Qd6 21.
Nxe7+ Rxe7 22. Bxd5 exd5 23. Qf3 Re6 24. Bf4 Qe7 25. h3 Ne4 26. Be5 Re8 27. Rc7
Qf8 28. Qb3 Nf6 29. Rdc1 R8e7 30. Rxe7 Qxe7 31. Rc8+ Kg7 32. Qxd5 {
White has many threats including Qa8.} 1-0

[Event "Mechanics' Whitehead TNM; 30/90, SD/30"]
[Site "San Francisco"]
[Date "2014.08.26"]
[Round "4.10"]
[White "Goins, Demetrius"]
[Black "Drane, Robert"]
[Result "1-0"]
[WhiteElo "2159"]
[BlackElo "1869"]
[PlyCount "89"]
[EventDate "2014.??.??"]

1. d4 f5 2. Bg5 h6 3. Bh4 g5 4. Bg3 Bg7 5. e3 Nf6 6. Be2 d6 7. Bh5+ Kf8 8. Be2
Nbd7 9. Qd3 Ne4 10. Nc3 Ndf6 11. O-O-O c6 12. Nf3 Be6 13. Nd2 b5 14. Ncxe4 fxe4
15. Qa3 a5 16. c4 b4 17. Qb3 Qb6 18. Qc2 Qb7 19. Nxe4 Bf5 20. Bd3 Be6 21. Nxf6
Bxf6 22. h4 g4 23. Bf5 Qd7 24. Bxe6 Qxe6 25. Qd3 d5 26. c5 Kg7 27. Bf4 h5 28.
f3 Qf7 29. fxg4 hxg4 30. g3 Qg6 31. Kd2 Qxd3+ 32. Kxd3 Rh5 33. Bc7 e5 34. Rhf1
Ra7 35. Bb6 Ra8 36. Rf2 Rf8 37. Rdf1 Rhh8 38. Bc7 exd4 39. Rxf6 Rxf6 40. Be5
Rhf8 41. exd4 Kg6 42. Rxf6+ Rxf6 43. Bxf6 Kxf6 44. Ke3 Kf5 45. b3 1-0

[Event "Mechanics' Fall TNM; 30/90, SD/30"]
[Site "San Francisco"]
[Date "2014.12.02"]
[Round "6.10"]
[White "Goins, Demetrius"]
[Black "Lkhagvasuren, Zolboo"]
[Result "0-1"]
[WhiteElo "2159"]
[BlackElo "1854"]
[Annotator "Donaldson"]
[PlyCount "60"]
[EventDate "2014.??.??"]

1. d4 Nf6 2. Nf3 e6 3. c4 d5 4. g3 Be7 5. Bg2 dxc4 6. O-O Nbd7 7. Qc2 Nb6 8.
Nbd2 Nfd5 9. Nxc4 Bd7 10. b3 Bb5 11. Bb2 Ba6 12. Rfd1 O-O 13. Rac1 Rc8 14. a3
Qe8 15. e4 Nxc4 16. bxc4 Nb6 17. Qb3 Qa4 18. Qxa4 Nxa4 19. Ba1 Bxa3 20. Rb1 Be7
21. Rdc1 c6 22. Rc2 b5 23. h4 Rb8 24. Ne5 Bb7 25. cxb5 cxb5 26. Rxb5 a6 27. Rb3
f6 28. Nc4 Bc6 29. Rxb8 Rxb8 30. Na5 Bd7 {The moves to this point are a
reconstruction as both game scores have significant errors in them. The
position at this point is equal - Black went on to win and score a major upset.
} 0-1

[Event "Mechanics' Spring TNM; 30/90, SD/30"]
[Site "San Francisco"]
[Date "2014.03.18"]
[Round "1.17"]
[White "Gomboluudev, Enkhjin"]
[Black "Afkham-Ebrahimi, Payam"]
[Result "0-1"]
[WhiteElo "1265"]
[BlackElo "1897"]
[Annotator "Donaldson"]
[PlyCount "54"]
[EventDate "2014.??.??"]

1. e4 c5 2. Nf3 e6 3. d4 cxd4 4. Nxd4 Nc6 5. Nc3 a6 6. Be3 Bb4 7. Nxc6 bxc6 8.
Bd4 Nf6 9. a3 Be7 10. Bd3 O-O 11. O-O c5 12. Be3 d5 13. e5 Nd7 14. f4 $2 d4 15.
Be4 Rb8 16. Bd2 f5 17. Bf3 Rxb2 (17... dxc3) 18. Na4 Rb8 19. Qe1 c4 20. Ba5 Qe8
21. Bc7 Rb7 22. Bxb7 Bxb7 23. Qd2 Qg6 24. Rf2 Bc6 25. Nb6 Nc5 26. Qxd4 Ne4 27.
Rf3 $4 (27. Bd6 $11) 27... Bc5 0-1

[Event "Mechanics' Winter TNM; 30/90, SD/30"]
[Site "San Francisco"]
[Date "2014.01.14"]
[Round "2.28"]
[White "Gomboluudev, Enkhjin"]
[Black "Bayaraa, Chinguun"]
[Result "0-1"]
[WhiteElo "1320"]
[BlackElo "1570"]
[PlyCount "62"]
[EventDate "2014.??.??"]

1. e4 c5 2. Nf3 d6 3. d4 cxd4 4. Nxd4 Nf6 5. Nc3 a6 6. Be3 e5 7. Nf3 h6 8. Bc4
Be7 9. h3 Nbd7 10. O-O b5 11. Bd5 Nxd5 12. Qxd5 Rb8 13. Qd3 Nf6 14. Nd5 Nxd5
15. exd5 Bf6 16. Rfe1 O-O 17. c3 Re8 18. Nd2 Bd7 19. Qe4 Qc8 20. Qf3 Be7 21.
Qg3 Kh7 22. Qf3 f5 23. Nf1 Rf8 24. Bd2 Bf6 25. Ne3 e4 26. Qg3 Be5 27. Qh4 Qe8
28. f4 exf3 29. Qf2 fxg2 30. Nxg2 Qg6 31. Kh1 Bg3 0-1

[Event "Mechanics' Winter TNM; 30/90, SD/30"]
[Site "San Francisco"]
[Date "2014.02.04"]
[Round "5.25"]
[White "Gomboluudev, Enkhjin"]
[Black "Bertot, German"]
[Result "0-1"]
[WhiteElo "1320"]
[BlackElo "1631"]
[Annotator "Donaldson"]
[PlyCount "68"]
[EventDate "2014.??.??"]

1. e4 e5 2. Nf3 Nc6 3. Bc4 Bc5 4. d3 h6 (4... Nf6 5. Ng5 (5. Bg5 d6 6. Nc3 Be6
7. O-O h6 8. Bh4 g5 9. Bg3 Qd7) 5... O-O) 5. Nc3 Nf6 6. h3 (6. Be3 d6 (6... Bb6
7. Bxb6 axb6) 7. Bxc5 dxc5) 6... d6 7. O-O O-O 8. Nh2 (8. Be3) 8... Nd4 9. Be3
Be6 10. Bb3 c6 11. Na4 Nxb3 12. axb3 Bxe3 13. fxe3 Nd7 14. Nf3 f5 15. exf5 Bxf5
16. e4 Be6 17. Qe1 (17. Nc3) 17... Nf6 18. Qg3 (18. Nc3) 18... Nh5 19. Qe1 Nf4
20. Kh2 Qf6 21. Nc3 Qg6 22. Rg1 Qh5 23. Qg3 a6 24. Rae1 Rf6 25. Nh4 Raf8 26.
Rgf1 Nxh3 27. Rxf6 Rxf6 28. gxh3 g5 29. Ng2 (29. Nf5 Bxf5 30. exf5 Rxf5 31. Ne4
Rf3 32. Qg4) 29... Rf3 30. Nf4 exf4 31. Qxf3 Qxf3 32. Kg1 Bxh3 33. Re2 Qg3+ 34.
Rg2 Qxg2# 0-1

[Event "Mechanics' Spring TNM; 30/90, SD/30"]
[Site "San Francisco"]
[Date "2014.04.22"]
[Round "6.20"]
[White "Gomboluudev, Enkhjin"]
[Black "Campers, Willie"]
[Result "0-1"]
[WhiteElo "1265"]
[BlackElo "1663"]
[Annotator "Donaldson"]
[PlyCount "78"]
[EventDate "2014.??.??"]

1. e4 e6 2. d4 d5 3. Nc3 Nf6 4. Bg5 Be7 5. Bd3 (5. e5) 5... c5 6. dxc5 Nc6 7.
Nf3 Qa5 8. O-O Qxc5 9. h3 (9. exd5 $1 exd5 10. Re1 O-O 11. Bxf6 Bxf6 12. Nxd5
Bxb2 13. Rb1 Ba3 14. Rb5 Qd6 15. Ng5 h6 16. Nh7 Rd8 17. Qh5 Be6 18. Ndf6+ Kh8
19. Ng5 $18) 9... d4 10. Ne2 e5 11. Ng3 O-O 12. Nh4 g6 13. Bh6 Rd8 14. Nf3 Ne8
15. Nh2 Nf6 16. f4 Nb4 17. f5 Nxd3 18. Qxd3 $2 (18. cxd3) 18... Bd7 19. Rfc1 (
19. a4) 19... Bb5 20. Qd2 Qc6 21. Re1 a5 22. a3 Qc5 23. Kh1 a4 24. Nf3 Rac8 25.
Rac1 Qd6 26. fxg6 hxg6 $2 (26... fxg6) 27. Nf5 $1 Qd7 $2 28. Nxe7+ (28. Nxe5
Qe6 29. Nxe7+ Qxe7 30. Qg5 $18) 28... Qxe7 29. Qg5 (29. Bg5) 29... Rc5 30. Red1
Rdc8 31. h4 Qd6 32. Re1 d3 33. cxd3 Rxc1 34. Rxc1 Rxc1+ 35. Qxc1 Qxd3 {
Diagram #} 36. Ng5 (36. Qc8+ $1 Ne8 (36... Kh7 37. Ng5+ Kxh6 38. Qh8+) (36...
Be8 37. Qc5) 37. Qc5 Qf1+ 38. Kh2) (36. Qc5 Qf1+ 37. Kh2 Ng4+) 36... Bc6 37.
Qc5 Qf1+ 38. Qg1 Qxg1+ 39. Kxg1 Ng4 0-1

[Event "Mechanics' Fall TNM; 30/90, SD/30"]
[Site "San Francisco"]
[Date "2014.11.04"]
[Round "3.40"]
[White "Gomboluudev, Enkhjin"]
[Black "Chandrasekaran, Siddarth"]
[Result "0-1"]
[WhiteElo "1464"]
[BlackElo "1627"]
[PlyCount "52"]
[EventDate "2014.??.??"]

1. e4 e5 2. Nf3 Nc6 3. Bc4 Nf6 4. d3 h6 5. Nc3 Bc5 6. O-O d6 7. h3 O-O 8. Be3
Bb6 9. Nh2 Na5 10. Bb3 Bxe3 11. fxe3 c6 12. Nf3 Re8 13. Qe1 b5 14. Qg3 Ba6 15.
Rfe1 c5 16. Bd5 Rb8 17. Nh4 Bc8 18. Nf5 Bxf5 19. exf5 b4 20. Bxf7+ Kxf7 21.
Qg6+ Kg8 22. Ne4 Nxe4 23. dxe4 Qf6 24. Qg3 Nc4 25. Rab1 Nd2 26. Rbd1 Nxe4 {
and Black won in another thirty moves. Remaining moves unavailable.} 0-1

[Event "Mechanics' SummerTNM; 30/90, SD/30"]
[Site "San Francisco"]
[Date "2014.06.10"]
[Round "3.14"]
[White "Gomboluudev, Enkhjin"]
[Black "Gerwin, Gene"]
[Result "1/2-1/2"]
[WhiteElo "1533"]
[BlackElo "1910"]
[Annotator "Donaldson"]
[PlyCount "76"]
[EventDate "2014.??.??"]

1. e4 c5 2. Nf3 d6 3. d4 cxd4 4. Nxd4 Nf6 5. Nc3 a6 (5... g6 6. Be3 Bg7 7. f3
O-O 8. Qd2 Nc6 9. Bc4 Ne5 (9... Bd7 10. O-O-O Ne5 11. Bb3 Rc8) 10. Bb3 a6 11.
O-O-O Nc6) 6. Be3 g6 7. Bc4 Bg7 8. f3 O-O 9. Qd2 Nbd7 10. O-O-O Ne5 11. Bb3 Nc6
12. h4 Qc7 13. g4 (13. h5 Nxh5 14. g4 Nf6 15. Nxc6 (15. Bh6 Bxh6 16. Qxh6)
15... bxc6 16. Bh6 Rb8 17. Bxg7 Kxg7 18. Qh6+ Kg8 19. e5 dxe5 20. Ne4) 13...
Na5 14. Kb1 (14. h5) 14... Nc4 15. Bxc4 Qxc4 16. h5 Nd7 17. Qh2 (17. Nd5) 17...
Ne5 18. hxg6 fxg6 19. Qxh7+ Kf7 20. Bh6 Rg8 21. Bxg7 (21. Nd5) 21... Rxg7 22.
Qh4 Bd7 23. Qf2 (23. Nd5 Re8 24. f4 Nc6 (24... Nxg4 25. Nb6 Qc7 26. Nxd7 Qxd7
27. f5)) 23... Nc6 24. Nxc6 bxc6 25. e5 Rb8 26. Qd4 (26. Qe3) 26... Qxd4 27.
Rxd4 d5 28. Re1 (28. Na4 Rb5 29. b4) 28... g5 29. e6+ $2 (29. Na4 $18) 29...
Bxe6 30. Rd2 Re8 31. Na4 Rg6 32. Rde2 (32. Nc5 Bc8 33. c4) 32... Rf6 33. Nc5
Bc8 34. Nd3 $1 Rh6 35. Ne5+ Kg7 36. Nd3 Kf7 37. Ne5+ Kg7 38. Nd3 Kf7 1/2-1/2

[Event "Mechanics' Fall TNM; 30/90, SD/30"]
[Site "San Francisco"]
[Date "2014.10.21"]
[Round "1.19"]
[White "Gomboluudev, Enkhjin"]
[Black "Krasnov, Steven"]
[Result "0-1"]
[WhiteElo "1464"]
[BlackElo "2002"]
[Annotator "Donaldson"]
[PlyCount "58"]
[EventDate "2014.??.??"]

1. e4 c5 2. Nf3 e6 3. d4 cxd4 4. Nxd4 a6 5. Nc3 Qc7 6. Bd3 Nf6 7. Be3 (7. O-O)
7... Bb4 (7... Nc6) 8. Bd2 b5 (8... Nc6) (8... Bd6) 9. a3 $6 {
Kicking the bishop to a more active square.} (9. O-O) (9. a4 $1) 9... Bd6 10.
Nf3 Nc6 11. O-O h6 12. h3 Bb7 13. Re1 Rc8 $2 {Diagram #} (13... Ne5 $11) 14.
Qe2 $2 (14. Bxb5 $1 axb5 15. Nxb5 Qb8 16. Nxd6+ Qxd6 17. e5 Qd5 18. exf6 gxf6
19. Be3 {and Black does not have enough for the pawn.}) 14... Ne5 15. Nxe5 Bxe5
16. Rab1 (16. Nd1) 16... O-O 17. Qe3 g5 18. h4 Bh2+ 19. Kh1 Bf4 $17 20. Qe2 Kg7
$2 (20... Bxd2 21. Qxd2 Ng4 $17) 21. hxg5 $2 (21. e5 Nh5 22. Rbd1 $16) 21...
hxg5 22. f3 Rh8+ 23. Kg1 Bh2+ 24. Kf1 Nh5 $1 25. Bxg5 $2 Ng3+ 26. Kf2 Nxe2 27.
Rxe2 Bg3+ 28. Ke3 Qc5+ 29. Kd2 Qxg5+ 0-1

[Event "Mechanics' Spring TNM; 30/90, SD/30"]
[Site "San Francisco"]
[Date "2014.05.06"]
[Round "8.21"]
[White "Gomboluudev, Enkhjin"]
[Black "Morgan, Jerry"]
[Result "1-0"]
[WhiteElo "1265"]
[BlackElo "1568"]
[PlyCount "83"]
[EventDate "2014.??.??"]

1. e4 Nf6 2. e5 Nd5 3. d4 d6 4. exd6 exd6 5. Nf3 Bg4 6. Be2 Nc6 7. O-O Be7 8.
Re1 O-O 9. h3 Bh5 10. Qd3 Bg6 11. Qb3 Ndb4 12. Na3 d5 13. c3 Na5 14. Qa4 Nbc6
15. b4 Nc4 16. Nxc4 dxc4 17. Bxc4 a6 18. Qd1 b5 19. Bb3 Bf6 20. a4 Ne7 21. axb5
axb5 22. Rxa8 Qxa8 23. Bd2 Qa3 24. Ne5 Qb2 25. Nxg6 Nxg6 26. Qc2 Qa3 27. Qa2
Qa8 28. Bd5 Qb8 29. Qa5 Ne7 30. Be4 c6 31. Qa2 Rd8 32. Qc2 h6 33. Qd1 Kf8 34.
Qf3 Qb6 35. Bxh6 Bxd4 36. Be3 Bxe3 37. Rxe3 Rd2 38. Rd3 Ra2 39. Rd6 Qb8 40. Rd7
Qa8 41. Qf4 f6 42. Qd6 1-0

[Event "Mechanics' Winter TNM; 30/90, SD/30"]
[Site "San Francisco"]
[Date "2014.02.25"]
[Round "8.15"]
[White "Gomboluudev, Enkhjin"]
[Black "Newey, Richard"]
[Result "0-1"]
[WhiteElo "1320"]
[BlackElo "1807"]
[Annotator "Donaldson"]
[PlyCount "92"]
[EventDate "2014.??.??"]

1. d4 d5 2. c4 dxc4 3. e4 c5 4. Be3 $2 (4. d5) (4. Nf3) 4... cxd4 5. Qxd4 Qxd4
6. Bxd4 Nc6 7. Bc3 b5 $17 8. Bd2 Nd4 9. Kd1 Bb7 10. Nc3 e6 11. f3 Bc5 12. Nge2
a6 13. Be3 Rd8 14. Nxd4 Bxd4 15. Bxd4 e5 16. Kc2 exd4 17. Nd1 Ne7 18. Nf2 Nc6
19. Rd1 O-O 20. b3 Nb4+ 21. Kb2 c3+ 22. Ka1 Nc2+ 23. Kb1 Ne3 24. Rc1 Nxf1 25.
Rhxf1 b4 26. Nd3 a5 27. Rfd1 Ba6 28. Nc5 Bb5 29. Nb7 Rd7 30. Nxa5 d3 31. Nc4
Bxc4 32. bxc4 c2+ 33. Kb2 cxd1=Q 34. Rxd1 Ra8 35. c5 Rd4 36. c6 Rc8 37. a3
bxa3+ 38. Kxa3 Rxc6 39. Rb1 Ra6+ 40. Kb3 Rb6+ 41. Kc3 Rxb1 42. Kxd4 d2 43. Ke5
d1=Q 44. Kf4 Qd6+ 45. Ke3 Rb2 46. g3 Qd2# 0-1

[Event "Mechanics' SummerTNM; 30/90, SD/30"]
[Site "San Francisco"]
[Date "2014.05.27"]
[Round "1.9"]
[White "Gomboluudev, Enkhjin"]
[Black "Niemann, Hans"]
[Result "0-1"]
[WhiteElo "1533"]
[BlackElo "2097"]
[Annotator "Donaldson"]
[PlyCount "86"]
[EventDate "2014.??.??"]

1. e4 b6 2. Nf3 Bb7 3. Nc3 e6 4. d4 Bb4 5. Bd3 Nf6 6. e5 Nd5 7. Bd2 d6 8. Nxd5
Bxd2+ 9. Qxd2 Bxd5 10. Qe3 Nd7 11. exd6 cxd6 12. c3 O-O 13. O-O Nf6 14. Rfe1
Qd7 15. c4 Bb7 16. Bc2 Rac8 17. Bb3 Rfe8 18. Qf4 Bxf3 19. Qxf3 e5 20. Qd1 Qb7
21. d5 a6 22. Rc1 Nd7 23. Qg4 Rf8 24. Ba4 b5 25. cxb5 axb5 26. Rxc8 Rxc8 27.
Bb3 Nf6 28. Qd1 Qb6 29. Qd2 Qc5 30. h3 b4 31. Qd3 h6 32. Re2 Qc1+ 33. Kh2 e4
34. Qa6 Rd8 35. Qb6 Rd7 $2 (35... Rc8 $11) 36. Qxb4 (36. Ba4 $1) 36... Qf4+ 37.
Kg1 Kh7 38. Qd2 Qh4 $2 (38... Qxd2 39. Rxd2 $16) 39. a4 g6 40. Qe3 Re7 41. a5
Nh5 42. a6 Nf4 43. Rd2 Qg5 {Cindy's scoresheet ends here with White holding a
near winning position, but low on time. Hans took advantage of his opponent's
zeitnot to force errors and win the game.} 0-1

[Event "Mechanics' Spring TNM; 30/90, SD/30"]
[Site "San Francisco"]
[Date "2014.04.08"]
[Round "4.13"]
[White "Gomboluudev, Enkhjin"]
[Black "Ochoa, Jason"]
[Result "0-1"]
[WhiteElo "1265"]
[BlackElo "1880"]
[Annotator "Donaldson"]
[PlyCount "52"]
[EventDate "2014.??.??"]

1. e4 c5 2. Nf3 Nc6 3. d4 cxd4 4. Nxd4 Nf6 5. Nc3 d6 6. Be3 g6 7. f3 Bg7 8. Bc4
O-O 9. Qd2 Bd7 10. g4 $6 (10. O-O-O Rc8 11. Bb3 Ne5 12. h4 Nc4 13. Bxc4 Rxc4
14. h5 Nxh5 15. Nde2 Qa5 16. g4 Ng3 17. Nxg3 Bxc3 18. bxc3 Qa3+ 19. Kb1 Be6 20.
Qh2 Rb4+ 21. cxb4 Bxa2+ 22. Ka1 Bd5+ 23. Kb1 Ba2+ $11) 10... Rc8 11. Bb3 Ne5
12. O-O-O Nc4 13. Bxc4 Rxc4 14. Nb3 (14. h4 h5) 14... a5 $6 15. Bh6 (15. g5 Nh5
16. Nd5 $1) 15... a4 16. Na1 $2 (16. Bxg7 Kxg7 (16... axb3 17. axb3 $18) 17.
Nd4 $11) 16... a3 (16... Bxh6 17. Qxh6 a3 $19) 17. bxa3 $2 Bxh6 18. Qxh6 Rxc3
19. g5 Nh5 20. Nb3 Qc7 21. Rd2 Rc8 22. Na1 Ba4 23. Rhd1 Bxc2 24. Rxc2 Rxc2+ 25.
Kb1 Rc1+ 26. Kb2 Rc3 0-1

[Event "Mechanics' SummerTNM; 30/90, SD/30"]
[Site "San Francisco"]
[Date "2014.07.08"]
[Round "7.34"]
[White "Gomboluudev, Enkhjin"]
[Black "Olson, David"]
[Result "0-1"]
[WhiteElo "1533"]
[BlackElo "1406"]
[PlyCount "68"]
[EventDate "2014.??.??"]

1. e4 e5 2. Nf3 Nc6 3. Bc4 Nf6 4. d3 Bc5 5. h3 h6 6. Nc3 d6 7. O-O O-O 8. Bb3
Nd4 9. Nxd4 Bxd4 10. Qf3 c6 11. Qg3 Kh7 12. Ne2 Bb6 13. Be3 Bc7 14. Qh4 Be6 15.
d4 d5 16. exd5 cxd5 17. Ng3 e4 18. Bg5 Rg8 19. c3 Qd6 20. Bxf6 gxf6 21. Rae1
Rg6 22. Re3 Rag8 23. Bc2 f5 24. f4 Bd8 25. Qh5 b5 26. Nxf5 Rxg2+ 27. Kh1 Bxf5
28. Qxf5+ Qg6 29. Qxg6+ R8xg6 30. Bb3 Rxb2 31. Bxd5 f5 32. Rg1 Bc7 33. Bg8+ $4
Rxg8 34. Rxg8 Kxg8 0-1

[Event "Mechanics' SummerTNM; 30/90, SD/30"]
[Site "San Francisco"]
[Date "2014.06.24"]
[Round "5.25"]
[White "Gomboluudev, Enkhjin"]
[Black "Sherwood, Peter"]
[Result "0-1"]
[WhiteElo "1533"]
[BlackElo "1797"]
[PlyCount "80"]
[EventDate "2014.??.??"]

1. e4 c5 2. Nf3 d6 3. d4 cxd4 4. Nxd4 Nf6 5. Nc3 a6 6. Be3 e5 7. Nb3 Be6 8. f3
Be7 9. Qd2 d5 10. exd5 Nxd5 11. Nxd5 Qxd5 12. Qf2 Nd7 13. Bd3 Nf6 14. O-O-O Qc6
15. Kb1 O-O 16. g4 Rfd8 17. Be2 Nd5 18. Bc1 Nb4 19. Rxd8+ Rxd8 20. Bd1 a5 21.
a3 a4 22. Nd2 Qd5 23. b3 axb3 24. Nxb3 Nc6 25. h4 Na5 26. Re1 Nc4 27. a4 Ra8
28. Bb2 Rxa4 29. h5 Bb4 30. c3 Be7 31. Bc2 Nxb2 32. Kxb2 Qd6 33. Ra1 Rxa1 34.
Nxa1 Qa3+ 35. Kb1 Qa2+ $6 ({missing} 35... Ba2#) 36. Kc1 Qxa1+ 37. Kd2 Bg5+ 38.
Kd3 Qa6+ 39. Ke4 Qc4+ 40. Kxe5 Qd5# 0-1

[Event "Mechanics' Winter TNM; 30/90, SD/30"]
[Site "San Francisco"]
[Date "2014.02.18"]
[Round "7.22"]
[White "Gomboluudev, Enkhjin"]
[Black "Vazquez, Erasmo"]
[Result "1-0"]
[WhiteElo "1320"]
[BlackElo "1683"]
[PlyCount "81"]
[EventDate "2014.??.??"]

1. e4 c6 2. Nf3 d5 3. exd5 cxd5 4. Ne5 Nc6 5. Bb5 Bd7 6. Nxd7 Qxd7 7. d4 e6 8.
Bf4 Bd6 9. Qg4 Nge7 10. Nd2 Qc7 11. Bxd6 Qxd6 12. Bd3 (12. c3) (12. O-O) 12...
Ng6 13. g3 e5 (13... Qb4) 14. c3 e4 15. Bc2 O-O 16. O-O-O b5 17. h4 f5 18. Qe2
f4 19. Qxb5 Rab8 20. Qc5 Qd7 21. Bb3 Nb4 {Diagram #} 22. Nxe4 $1 Rfc8 23. Qa5
Rb5 24. Qa4 Qb7 25. Nc5 Rbxc5 26. dxc5 Rxc5 27. Kb1 Na6 28. Qe8+ Nf8 29. Qe5
Nc7 30. Rhe1 Ng6 31. Qd6 Qb6 32. Qd8+ Nf8 33. Re5 fxg3 34. fxg3 Qg6+ 35. Ka1
Qf6 36. Qxf6 gxf6 37. Bxd5+ Kg7 38. Re7+ Kh6 39. Be4 Ng6 40. Bxg6 hxg6 41. Rdd7
1-0